000 00943namaa22001931 4500
001 173874
003 ES-MaACL
005 20230906215357.0
008 100127s1862 sp r |||| | spa d
040 _aSpMaBN
_bspa
_cA2
100 0 _aCamprodón, Francisco.
_934301
245 1 4 _aLos dos mellizos
_b: zarzuela en un acto original y en verso /
_cletra de D. Francisco Camprodón ; música de D. Manuel Caballero.
260 _aMadrid :
_b[s.n.],
_c1862 (
_fImp. de José Rodríguez)
300 _a39 p. ;
_c17 cm.
500 _aSolo la letra.
500 _aEn port.: Representada por primera vez en el teatro de la Zarzuela el día 7 de diciembre de 1862.
700 0 _aFernández Caballero, Manuel.
_949531
852 _aES-MaACL
_jF-8623(10)
_z.- Enc. pasta española
_q.- Falto de la cub. original
_zEnc. en un vol. facticio formando parte de la col. facticia "Teatro español moderno", vol. 78
_z.- Firma ms. de Gustavo Saenz Diez, 1877
999 _c173874
_d173874